| 000 | 02439nam a22004457a 4500 | ||
|---|---|---|---|
| 008 | 150831b xxu||||| |||| 00| 0 eng d | ||
| 020 | _a9783956790478 | ||
| 082 |
_a708 _bH249w |
||
| 100 |
_aHansen, Tone _93420 |
||
| 245 |
_aWe are living on a star _cTone Hansen; Marit Paasche |
||
| 260 |
_a[Berlín] _bHenie Onstad Kunstsenter (HOK) _c2014 |
||
| 300 |
_a191 p. _bill. (col.) _c26 cm. |
||
| 505 | _tForeword /Tone Hansen -We are living on a star / Marit Paasche - Javier Téllez - Jumana Manna - Nothing is more radical tan the facts / Jumana Manna - Eline McGeorge - Excerpt from Aniara: A review of man in time and space / Harry Martinson - Else Marie Hagen - Doug Ashford - Violent words / Renata Salecl - Ahlam Shibli - Lotte Konow Lund - In a Taxi, people really say what they mean / Thomas Keenan - Martin Braathen, Marius Engh, Even Smith Wergeland, and Superunion Architects - Echo Chamber. A meeting place for bootleggers, pimps, homosexuals, and others / Martin Braathen - Arne Garborgs Plass: Contemporary ruin with spatial neuroses / Even Smith Wergeland - Eva Rothschild - Dare to Betray! / Boris Buden - Burak Arikan - Silje Linge Haaland - Julian Blaue - A parallel history and three questions / Julian Blaue - Marthe Ramm Fortun - The prewar city / Marthe Ramm Fortun - Per-Oskar Leu - The decay of snobbery: Russian art and society before and beyond the end of the welfare state / Ekaterina Degot - Hannah Ryggen - Hanne Friis .- | ||
| 650 |
_aArte moderno _vExhibiciones _zS. 21 _93421 |
||
| 650 |
_aArte moderno _9145 |
||
| 700 |
_aPaasche, Marit _93423 |
||
| 700 |
_aTéllez, Javier _93424 |
||
| 700 |
_aManna, Jumana _93425 |
||
| 700 |
_aMcGeorge, Eline _93426 |
||
| 700 |
_aMartinson, Harry _93427 |
||
| 700 |
_aHagen, Else Marie _93428 |
||
| 700 |
_aAshford, Doug _93429 |
||
| 700 |
_aSalecl, Renata _93430 |
||
| 700 |
_aShibli, Ahlam _93431 |
||
| 700 |
_aKonow Lund, Lotte _93432 |
||
| 700 |
_aKeenan, Thomas _93433 |
||
| 700 |
_aBraathen, Martin _93434 |
||
| 700 |
_aEngh, Marius _93435 |
||
| 700 |
_aSmith Wergeland, Even _93436 |
||
| 700 |
_aRothschild, Eva _93437 |
||
| 700 |
_aBuden, Boris _9346 |
||
| 700 |
_aArikan, Burak _93438 |
||
| 700 |
_aLinge Haaland, Silje _93439 |
||
| 700 |
_aBlaue, Julian _93440 |
||
| 700 |
_aRamm Fortun, Marthe _93441 |
||
| 700 |
_aLeu, Per-Oskar _93442 |
||
| 700 |
_aDegot, Ekaterina _93443 |
||
| 700 |
_aRyggen, Hannah _93444 |
||
| 700 |
_aFriis, Hanne _93445 |
||
| 999 |
_c730 _d730 |
||